Consideraciones en torno a la modernización agrícola /

Guardado en:
Bibliografiske detaljer
Hovedforfatter: Torres Torres, Felipe
Format: Texto
Tags: Tilføj Tag
Ingen Tags, Vær først til at tagge denne postø!

MARC

LEADER 00000 a a2200000 04500
001 45769
003
040 |a CRAI/IIS  |c CRAI/IIS 
100 |a Torres Torres, Felipe  
245 |a Consideraciones en torno a la modernización agrícola /  |c Felipe Torres Torres  
773 |g número41 (1988), páginas 8-11  
999 |c 18455  |d 18455